| 000 | 00729aam a2200277a 44500 | ||
|---|---|---|---|
| 008 | 000524s1990-1999 cat | ||
| 041 | _acat | ||
| 080 | _a745/749(038) | ||
| 245 | _aRepertori d'oficis artesans | ||
| 260 | _a[Palma de Mallorca] | ||
| 260 | _bGovern Balear. Conselleria de Comerç i Indústria | ||
| 260 | _c1990-1999 | ||
| 300 |
_a22 p. _c30 cm |
||
| 520 | _a169 | ||
| 546 | _acatalà | ||
| 592 | _aObra terminològica | ||
| 593 | _aJO | ||
| 650 |
_aindústries manufactureres _962555 |
||
| 650 |
_aoficis _962036 |
||
| 650 |
_aprofessions _960470 |
||
| 901 | _c[<199->?] | ||
| 902 | _a000524 | ||
| 942 |
_cMO _n0 |
||
| 999 |
_c59150 _d59150 |
||